| 000 | 03059cam a22007214i 4500 | ||
|---|---|---|---|
| 003 | PE-LiUPU | ||
| 005 | 20250731170445.0 | ||
| 008 | 150706s2008 pe a rb 000 0 spa d | ||
| 035 | _a(Sirsi) a47006 | ||
| 040 |
_aPE-LiUPU _bspa _cPE-LiUPU _erda |
||
| 049 | _aPRUA | ||
| 082 | 0 | 4 |
_a177.7 _bN94 _221 |
| 082 | 0 | 4 |
_a177.7 _bN94 2009 |
| 100 | 1 |
_aNúñez, Miguel Ángel, _eautor. |
|
| 245 | 1 | 3 |
_aEl amor no se mendiga / _cMiguel Ángel Núñez. |
| 264 | 1 |
_aLima : _bFortaleza Ediciones, _c2008. |
|
| 300 |
_a97 páginas : _bilustraciones ; _c24 centímetros. |
||
| 336 |
_atext _2rdacontent |
||
| 337 |
_aunmediated _2rdamedia |
||
| 338 |
_avolume _2rdacarrier |
||
| 490 | 0 | _aPasaje a la vida | |
| 505 | 0 | _aLa trampa de la soledad -- La trampa de la presión -- La trampa del autoengaño -- La trampa de la presunción -- La trampa de la obstinación -- La trampa de la desesperación -- La trampa de la ignorancia -- La trampa del mal modelo -- La trampa de la vanidad -- La salida de la trampa. | |
| 526 | _aSEG68 | ||
| 526 | _aSEG70 | ||
| 526 | _aSEG69 | ||
| 526 | _aSEG67 | ||
| 526 | _aSEG43 | ||
| 526 | _aP144 | ||
| 526 | _aP143 | ||
| 526 | _aP131 | ||
| 526 | _aP122 | ||
| 526 | _aP120 | ||
| 526 | _aP117 | ||
| 526 | _aP112 | ||
| 526 | _aP110 | ||
| 526 | _aP106 | ||
| 526 | _aP101 | ||
| 526 | _aP80 | ||
| 526 | _aP59 | ||
| 526 | _aP54 | ||
| 526 | _aP35 | ||
| 526 | _aP33 | ||
| 526 | _aP30 | ||
| 650 | 1 | 4 | _aAmor. |
| 650 | 2 | 4 | _aDignidad. |
| 650 | 2 | 4 | _aRespeto a sí mismo. |
| 910 |
_blch _clch _d20090514 |
||
| 910 |
_btqv _cwelc _d2016082 |
||
| 910 |
_abgr _bksl _cksl _d20190829 |
||
| 942 |
_2ddc _cBOOK |
||
| 949 |
_a177.7 N94 _wDEWEY _c1 _i59545 _lCCODEBUL1 _mBUL _p10.00 _r0 _sY _tLIBRO _u2015-07-06 _xBIBLIOTECA _zUNKNOWN _o.STAFF. Colección General |
||
| 949 |
_a177.7 N94 2009 _wDEWEY _c1 _iFJ01627 _lCCODEBUJ1 _mBUJ _p9.97 _r0 _sY _tBOOK _u2016-08-29 _xBIBLIOTECA _zUNKNOWN _0COMPRA _o.STAFF. Colección General Juliaca |
||
| 994 |
_aC0 _bPEPRU |
||
| 596 | _a1 3 | ||
| 999 |
_a177.7 N94 _wDEWEY _c49103 _i59545 _lLOST _mBUL _p10.00 _r1 _sY _tBOOK _u2015-7-6 _xTEOLOGIA _zUNKNOWN _o.STAFF. Colección General _d49103 |
||
| 999 |
_a177.7 N94 _wDEWEY _c2 _i80653 _lCRAI-HOUSE _mBUL _p3.65 _r0 _sY _tBOOK _u2019-8-29 _xUNKNOWN _zUNKNOWN _0DONACION _o.STAFF. Colección General |
||
| 999 |
_a177.7 N94 _wDEWEY _c3 _i80654 _d2022-7-4 _e2022-7-4 _lCRAI-HOUSE _mBUL _n1 _p3.65 _r0 _sY _tBOOK _u2019-8-29 _xUNKNOWN _zUNKNOWN _0DONACION _o.STAFF. Colección General |
||
| 999 |
_a177.7 N94 _wDEWEY _c4 _i80655 _lCRAI-HOUSE _mBUL _p3.65 _r0 _sY _tBOOK _u2019-8-29 _xUNKNOWN _zUNKNOWN _o.STAFF. Colección General |
||
| 999 |
_a177.7 N94 2009 _wDEWEY _c1 _iFJ01627 _d2019-9-11 _e2018-11-6 _f2022-1-17 _g4 _lCCODEBUJ1 _mBUJ _n15 _p9.97 _q10 _r1 _sY _tBOOK _u2016-8-29 _xBIBLIOTECA _zUNKNOWN _0COMPRA _o.STAFF. Colección General Juliaca |
||
| 980 |
_81 _gALBERTO SANCHEZ Responsable de Automatización |
||